000 00548nam a2200181 i 4500
001 139449
003 ES-MaACL
005 20230906195816.0
007 t|
008 070214s1927 sp r ||||1| spa d
100 1 _aSchanz, A.
_9104229
245 1 0 _aTratado de ortopedia
_b: escrito para médicos y profesionales /
_cpor el Dr. A. Schanz.
250 _aVersión de la 2ª ed. alemana.
260 _aBarcelona :
_bGustavo Gili,
_c1927.
300 _a754 p. :
_bil. ;
_c25 x 16 cm.
650 4 _aOrtopedia.
_9152852
852 _aES-MaACL
_jE-1004
999 _c139449
_d139449